| 000 | 01464cam a2200361 a 4500 | ||
|---|---|---|---|
| 999 |
_c174446 _d174446 |
||
| 001 | 13523814 | ||
| 003 | Nust | ||
| 005 | 20170126105705.0 | ||
| 008 | 040315r20041907enk b 000 1 eng | ||
| 010 | _a 2004266345 | ||
| 020 | _a1853260657 | ||
| 040 |
_aDLC _cDLC _dDLC |
||
| 043 | _ae-uk-en | ||
| 050 | 0 | 0 |
_aPR6005.O4 _bS4 2004b |
| 082 | 0 | 0 |
_a823.912 _bCON |
| 100 | 1 |
_aConrad, Joseph, _d1857-1924. |
|
| 245 | 1 | 4 |
_aThe secret agent : _ba simple tale / _cJoseph Conrad ; edited with an introduction and notes by John Lyon. |
| 250 | _aNew ed. | ||
| 260 |
_aOxford ; _aNew York : _bOxford University Press, _c2012. |
||
| 300 |
_aliv, 224 p. ; _c20 cm. |
||
| 490 | 1 | _aOxford world's classics | |
| 504 | _aIncludes bibliographical references (p. xliii-xlvi). | ||
| 650 | 0 |
_aConspiracies _vFiction. |
|
| 650 | 0 |
_aAnarchists _vFiction. |
|
| 650 | 0 |
_aBombings _vFiction. |
|
| 651 | 0 |
_aLondon (England) _vFiction. |
|
| 655 | 0 |
_aPolitical fiction. _2lcsh |
|
| 700 | 1 |
_aLyon, John, _d1956- |
|
| 830 | 0 | _aOxford world's classics (Oxford University Press) | |
| 856 | 4 | 2 |
_3Publisher description _uhttp://www.loc.gov/catdir/enhancements/fy0620/2004266345-d.html |
| 856 | 4 | 2 |
_3Contributor biographical information _uhttp://www.loc.gov/catdir/enhancements/fy0724/2004266345-b.html |
| 906 |
_a7 _bcbc _corigcop _d2 _encip _f20 _gy-gencatlg |
||
| 942 |
_2ddc _cBK |
||